Predstavujeme kraje a okresy okres Stará Ľubovňa

Bibliographic Details
Main Author: Šeffer, Vladimír (Author)
Format: Article
Language:Slovak
Subjects:

MARC

LEADER 00000nab a2200000 a 4500
001 vtls001023663
003 SK-MaSNL
005 20260305033227.0
008 040720e19970000xo 0 slo
035 |a SL2238 
040 |a SLLK  |b slo  |c SLLK  |e AACR2 
041 0 |a slo 
044 |a xo  |c SK 
080 |a 353.54  |2 1981 
080 |a 908  |2 1981 
100 1 |a Šeffer, Vladimír  |4 aut  |9 822150 
245 1 0 |a Predstavujeme kraje a okresy  |b okres Stará Ľubovňa  |c Vladimír Šeffer 
300 |b Fotogr. 
650 0 7 |a prírodné krásy  |2 SLLK  |9 287668 
650 0 7 |a cestovný ruch  |2 SLLK  |9 999 
650 0 7 |a verejná správa  |2 SLLK  |9 1538 
651 7 |a Stará Ľubovňa (Slovensko : okres)  |2 SLLK  |9 19196 
773 0 8 |t Verejná správa, č. 1 (1997), s. 3-7 
852 |a ZVYKNI  |b KIS3GCP 
999 |c 3323402  |d 3325332